[Event "Scarborough CC Winter op"]
[Site "Toronto CAN"]
[Date "2020.02.20"]
[Round "1.7"]
[White "Li, Adam"]
[Black "Zhao, Jeffrey R"]
[Result "1-0"]
[WhiteElo "1750"]
[BlackElo "2057"]
[PlyCount "87"]
[EventDate "2020.02.20"]
[EventType "swiss"]
[EventRounds "6"]
[EventCountry "CAN"]

1. e4 c5 2. Nf3 d6 3. c3 Nf6 4. Bd3 Nc6 5. Bc2 g6 6. O-O Bg7 7. d4 cxd4 8. cxd4
Bg4 9. Be3 Nd7 10. Nc3 Bxf3 11. gxf3 O-O 12. Qd2 Nb6 13. Bb3 Na5 14. Qe2 Nxb3
15. axb3 a6 16. b4 Qc8 17. Rfc1 Qh3 18. f4 Rfc8 19. Qf1 Qxf1+ 20. Kxf1 e6 21.
b3 Nd7 22. b5 Nf6 23. f3 Nh5 24. bxa6 Rxa6 25. Rxa6 bxa6 26. Ne2 Rb8 27. Rb1
Bh6 28. Kf2 f5 29. Ra1 Ra8 30. Rc1 Nf6 31. Ng3 Kf7 32. Rc6 Ke7 33. Rc7+ Nd7 34.
d5 Rf8 35. dxe6 Kxe6 36. exf5+ gxf5 37. Ra7 Nf6 38. Rxa6 Rb8 39. Ne2 Kf7 40.
Nd4 Bf8 41. Nxf5 Rxb3 42. Nxd6+ Ke7 43. Ne4 Rb2+ 44. Nd2 1-0

[Event "Scarborough CC Winter op"]
[Site "Toronto CAN"]
[Date "2020.02.20"]
[Round "1.8"]
[White "Vinuya, Ruth Joy"]
[Black "Zhu, Ricky"]
[Result "1/2-1/2"]
[WhiteElo "2052"]
[BlackElo "1730"]
[PlyCount "138"]
[EventDate "2020.02.20"]
[EventType "swiss"]
[EventRounds "6"]
[EventCountry "CAN"]

1. e4 c5 2. Nc3 d6 3. f4 Nc6 4. Nf3 g6 5. Bb5 Bg7 6. O-O e6 7. Qe1 Nge7 8. d3
O-O 9. Qh4 a6 10. Bc4 d5 11. Bb3 b5 12. a4 Rb8 13. Kh1 c4 14. Ba2 b4 15. Ne2 b3
16. cxb3 cxd3 17. Ng3 dxe4 18. Nxe4 Nf5 19. Qf2 Ncd4 20. Nxd4 Nxd4 21. Bd2 Nxb3
22. Bxb3 Rxb3 23. Bc3 Bxc3 24. bxc3 Qb6 25. Qxb6 Rxb6 26. Rfd1 Rd8 27. Rd2 e5
28. fxe5 Bf5 29. Nd6 Rb3 30. c4 Rc3 31. Kg1 Be6 32. c5 Rxc5 33. Nb7 Rdc8 34.
Nxc5 Rxc5 35. Rxd3 Rxe5 36. Rd4 Bd5 37. Rad1 Bc6 38. Rc1 Re6 39. Rc2 Kg7 40.
Kf2 Bb7 41. Rc7 Rf6+ 42. Kg3 Bc6 43. Ra7 Be8 44. Re4 Bc6 45. Rc4 Be8 46. Rf4
Rxf4 47. Kxf4 Bxa4 48. Rxa6 Bb3 49. g4 Be6 50. h4 Bb3 51. Ke5 Bc4 52. Rc6 Ba2
53. Ra6 Bc4 54. Rc6 Ba2 55. Rb6 Bc4 56. g5 Bd3 57. Kd6 h5 58. Ke7 Bc4 59. Rc6
Bd5 60. Rf6 Ba2 61. Kd6 Bb3 62. Kc5 Ba2 63. Kd4 Bb3 64. Rc6 Ba2 65. Rc3 Be6 66.
Ke5 Ba2 67. Rc6 Bb3 68. Ra6 Bc4 69. Rb6 Ba2 1/2-1/2

[Event "Scarborough CC Winter op"]
[Site "Toronto CAN"]
[Date "2020.02.20"]
[Round "1.9"]
[White "Xie, Austin"]
[Black "Yang, Larry"]
[Result "1-0"]
[WhiteElo "1914"]
[BlackElo "1701"]
[PlyCount "100"]
[EventDate "2020.02.20"]
[EventType "swiss"]
[EventRounds "6"]
[EventCountry "CAN"]

1. e4 e5 2. Nf3 Nc6 3. Bc4 Bc5 4. c3 Nf6 5. d3 a6 6. Bg5 d6 7. b4 Ba7 8. h3 h6
9. Be3 O-O 10. Nbd2 d5 11. Bxa7 dxc4 12. Bc5 Qxd3 13. Bxf8 Kxf8 14. Rc1 Nxe4
15. Qe2 Bf5 16. Nxc4 Qxe2+ 17. Kxe2 f6 18. Rhd1 Be6 19. Ncd2 Nd6 20. a3 f5 21.
Ne1 Ke7 22. Nd3 b6 23. f3 g5 24. h4 Rg8 25. Rh1 g4 26. a4 b5 27. Nc5 Bc8 28. a5
Nd8 29. Rhe1 Ne6 30. Kf1 Kf6 31. Ndb3 gxf3 32. gxf3 Nf4 33. Rc2 Rg3 34. Nd2 Rh3
35. Kg1 Rxh4 36. Nf1 Rh5 37. Rh2 Rg5+ 38. Kf2 h5 39. Ng3 Bb7 40. Nd7+ Kg7 41.
Nxe5 Bd5 42. Reh1 Kh6 43. Rh4 Ne6 44. Rxh5+ Rxh5 45. Rxh5+ Kg7 46. Nxf5+ Nxf5
47. Rxf5 c6 48. Rf7+ Kh6 49. Ra7 Kg5 50. Rxa6 Nd8 1-0

[Event "Scarborough CC Winter op"]
[Site "Toronto CAN"]
[Date "2020.02.27"]
[Round "2.1"]
[White "Mendoza, Armand Jess"]
[Black "Mao, Fengxi"]
[Result "0-1"]
[WhiteElo "2026"]
[BlackElo "2232"]
[PlyCount "104"]
[EventDate "2020.02.20"]
[EventType "swiss"]
[EventRounds "6"]
[EventCountry "CAN"]

1. e4 e5 2. Nf3 Nc6 3. Bc4 Bc5 4. c3 Nf6 5. d3 O-O 6. b4 Be7 7. O-O d5 8. exd5
Nxd5 9. b5 Na5 10. Nxe5 Bf6 11. f4 Nxc3 12. Nxc3 Qd4+ 13. Kh1 Bxe5 14. fxe5
Nxc4 15. Qb3 Nxe5 16. Ba3 Be6 17. Qc2 Rfe8 18. Rad1 Ng4 19. Bc1 Ne3 20. Bxe3
Qxe3 21. Qf2 Qxf2 22. Rxf2 a6 23. Kg1 h6 24. bxa6 Rxa6 25. Rb2 b6 26. d4 Rd8
27. d5 Bf5 28. Nb5 c6 29. Nc3 Bg4 30. Rd4 Be6 31. d6 b5 32. Ne4 Rxa2 33. Rxa2
Bxa2 34. Nc5 Bd5 35. d7 Kf8 36. Rd3 Ke7 37. Re3+ Be6 38. Kf2 Rb8 39. Na6 Rb6
40. Nc5 b4 41. Rd3 Kd8 42. Na4 Rb5 43. Nb2 Rd5 44. Ke3 Kxd7 45. g3 c5 46. Ke2
Rxd3 47. Kxd3 Kc6 48. h4 Kd5 49. Nd1 c4+ 50. Kc2 Kd4 51. Kc1 c3 52. h5 b3 0-1

[Event "Scarborough CC Winter op"]
[Site "Toronto CAN"]
[Date "2020.02.27"]
[Round "2.2"]
[White "Gao, Raymond"]
[Black "Gao, Lucy"]
[Result "1-0"]
[WhiteElo "2122"]
[BlackElo "1848"]
[PlyCount "39"]
[EventDate "2020.02.20"]
[EventType "swiss"]
[EventRounds "6"]
[EventCountry "CAN"]

1. Nf3 Nf6 2. b3 Nc6 3. Bb2 e6 4. e3 d6 5. c4 d5 6. cxd5 exd5 7. Bb5 Bd6 8. Ne5
Bxe5 9. Bxe5 Bf5 10. Nc3 a6 11. Bxc6+ bxc6 12. Na4 Nd7 13. Bb2 c5 14. Rc1 Qe7
15. O-O Bd3 16. Re1 Bb5 17. Nxc5 Ne5 18. e4 O-O 19. exd5 f6 20. d4 1-0

[Event "Scarborough CC Winter op"]
[Site "Toronto CAN"]
[Date "2020.02.27"]
[Round "2.3"]
[White "Li, Adam"]
[Black "Southam, David"]
[Result "0-1"]
[WhiteElo "1750"]
[BlackElo "2108"]
[PlyCount "126"]
[EventDate "2020.02.20"]
[EventType "swiss"]
[EventRounds "6"]
[EventCountry "CAN"]

1. e4 e6 2. d4 d5 3. Nd2 c5 4. exd5 Qxd5 5. dxc5 Qxc5 6. Ngf3 Nf6 7. Bd3 Nbd7
8. O-O Qc7 9. c3 Nc5 10. Bc2 b6 11. Re1 Ba6 12. Nb3 Rd8 13. Bd2 Nd3 14. Bxd3
Bxd3 15. Nbd4 Be4 16. Bg5 Bd5 17. Qc2 Be7 18. Rad1 O-O 19. h3 a6 20. Bh4 b5 21.
Ne5 Qb7 22. f3 Rfe8 23. a4 Nd7 24. Bxe7 Rxe7 25. axb5 axb5 26. Nd3 Qb6 27. Kh1
Nf6 28. Nb4 Red7 29. Nxd5 Rxd5 30. Nb3 g6 31. Rxd5 Rxd5 32. Rd1 Qe3 33. Rxd5
Qe1+ 34. Kh2 Nxd5 35. Qd2 Qe5+ 36. Kg1 Nf4 37. Nd4 b4 38. Qc1 Qxd4+ 39. cxd4
Ne2+ 40. Kf2 Nxc1 41. Ke3 Nb3 42. Kd3 Na5 43. g3 Kf8 44. f4 Ke7 45. g4 Kd6 46.
h4 Kd5 47. h5 Nc4 48. hxg6 fxg6 49. b3 Na5 50. Ke3 Nxb3 51. f5 exf5 52. gxf5
gxf5 53. Kf4 Nxd4 54. Kg5 b3 55. Kh6 b2 56. Kxh7 b1=Q 57. Kg7 Qb6 58. Kf7 Qe6+
59. Kg7 f4 60. Kf8 Qd7 61. Kg8 Nf5 62. Kf8 Qe7+ 63. Kg8 Qg7# 0-1

[Event "Scarborough CC Winter op"]
[Site "Toronto CAN"]
[Date "2020.02.27"]
[Round "2.4"]
[White "Hay, Jonathan"]
[Black "Vinuya, Ruth Joy"]
[Result "1/2-1/2"]
[WhiteElo "2027"]
[BlackElo "2052"]
[PlyCount "78"]
[EventDate "2020.02.20"]
[EventType "swiss"]
[EventRounds "6"]
[EventCountry "CAN"]

1. d4 d5 2. Bf4 c5 3. e3 Nc6 4. Nf3 Bf5 5. dxc5 e6 6. Nd4 Bxc5 7. Nxf5 exf5 8.
c3 Nf6 9. Bd3 g6 10. O-O O-O 11. Nd2 Ne4 12. Nb3 Be7 13. Qe2 Qb6 14. Rfd1 Rad8
15. Rac1 a5 16. Rc2 Kg7 17. Nd4 Bf6 18. Nb5 Be5 19. Bg3 Bxg3 20. hxg3 Ne5 21.
a4 Nc5 22. Rcd2 Nexd3 23. Rxd3 Nxd3 24. Qxd3 Qc5 25. Qc2 h5 26. Rd4 Rfe8 27.
Qd1 Re4 28. Rd3 h4 29. gxh4 Rxh4 30. g3 Rh5 31. Kg2 Qc6 32. Nd4 Qf6 33. Nf3 Qe6
34. Nh4 Qc6 35. Rd4 Rdh8 36. Qf3 Rg5 37. Kf1 Qa6+ 38. Kg2 Qc6 39. Kf1 Qa6+
1/2-1/2

[Event "Scarborough CC Winter op"]
[Site "Toronto CAN"]
[Date "2020.02.27"]
[Round "2.5"]
[White "Zhu, Ricky"]
[Black "Huang, Richard"]
[Result "1-0"]
[WhiteElo "1730"]
[BlackElo "1890"]
[PlyCount "147"]
[EventDate "2020.02.20"]
[EventType "swiss"]
[EventRounds "6"]
[EventCountry "CAN"]

1. e4 e5 2. Nf3 Nc6 3. c3 Nf6 4. d4 exd4 5. e5 Nd5 6. cxd4 d6 7. Bb5 Bd7 8. Qb3
Be6 9. Qa4 Qd7 10. Nc3 Nb6 11. Bxc6 Nxa4 12. Bxd7+ Bxd7 13. Nd5 O-O-O 14. Ng5
Be6 15. Nf4 Re8 16. O-O Bc4 17. Re1 h6 18. Nf3 Nb6 19. b3 Bd5 20. Nxd5 Nxd5 21.
Ba3 dxe5 22. Bxf8 Rhxf8 23. dxe5 Re7 24. g3 Rfe8 25. Re2 Nb4 26. Rd1 f6 27.
Rde1 Nd3 28. Rd1 Nxe5 29. Nxe5 Rxe5 30. Red2 Re1+ 31. Rxe1 Rxe1+ 32. Kg2 c6 33.
h4 h5 34. Kf3 Re5 35. g4 Rd5 36. Re2 Kd7 37. gxh5 Rxh5 38. Kg4 Rd5 39. f4 g6
40. Rf2 Ke6 41. Re2+ Kd7 42. Rf2 Rf5 43. Rd2+ Ke6 44. Rd8 Rd5 45. Rg8 Kf7 46.
Ra8 a6 47. Rc8 Rd7 48. Rh8 Kg7 49. Rc8 Kh6 50. Rh8+ Rh7 51. Rxh7+ Kxh7 52. f5
b5 53. fxg6+ Kxg6 54. h5+ Kh6 55. b4 f5+ 56. Kxf5 Kxh5 57. Ke5 Kg5 58. Kd6 Kf5
59. Kxc6 Ke5 60. Kc5 Ke4 61. Kb6 Kd5 62. Kxa6 Kc6 63. a3 Kc7 64. Kxb5 Kb7 65.
a4 Ka7 66. Kc6 Ka6 67. b5+ Ka7 68. a5 Kb8 69. b6 Ka8 70. b7+ Ka7 71. Kc7 Ka6
72. b8=Q Kxa5 73. Qb3 Ka6 74. Qb6# 1-0

[Event "Scarborough CC Winter op"]
[Site "Toronto CAN"]
[Date "2020.02.27"]
[Round "2.6"]
[White "Jeyakumar, Bhavatharshan"]
[Black "Lawless, David"]
[Result "0-1"]
[WhiteElo "1824"]
[BlackElo "2038"]
[PlyCount "116"]
[EventDate "2020.02.20"]
[EventType "swiss"]
[EventRounds "6"]
[EventCountry "CAN"]

1. e4 e5 2. Nf3 Nc6 3. Bb5 a6 4. Ba4 Nf6 5. O-O Nxe4 6. Re1 Nc5 7. Bxc6 dxc6 8.
Nxe5 Be7 9. d4 Ne6 10. c3 O-O 11. Nd2 c5 12. dxc5 Nxc5 13. Ndc4 Qxd1 14. Rxd1
Be6 15. Bf4 f6 16. Nf3 Bxc4 17. Bxc7 Rac8 18. Bg3 Rcd8 19. Re1 Bd6 20. Bxd6
Rxd6 21. Nd4 Kf7 22. Nf5 Rd7 23. Rad1 Rxd1 24. Rxd1 Kg8 25. b3 Be6 26. Nd4 Bf7
27. f3 Rd8 28. Re1 Kf8 29. Re2 g6 30. Kf2 Nd3+ 31. Kg3 Rc8 32. Rd2 Ne5 33. f4
Nc6 34. Nf3 Rd8 35. Rxd8+ Nxd8 36. Nd2 Bd5 37. c4 Bc6 38. Nf1 Nf7 39. Ne3 Nd6
40. Kg4 Kf7 41. h4 h5+ 42. Kh3 Ke6 43. g4 Be4 44. gxh5 gxh5 45. Kh2 Nf5 46. Nd1
Nxh4 47. Nc3 Bc6 48. Kg3 Ng6 49. Ne2 Kf5 50. Nd4+ Ke4 51. Ne6 h4+ 52. Kg4 Bd7
53. f5 Bxe6 54. fxe6 Ke5 55. Kh5 Kxe6 56. Kxg6 h3 57. Kh5 h2 58. Kg4 h1=Q 0-1

[Event "Scarborough CC Winter op"]
[Site "Toronto CAN"]
[Date "2020.02.27"]
[Round "2.7"]
[White "Yang, Larry"]
[Black "Xiao, Edward"]
[Result "1-0"]
[WhiteElo "1701"]
[BlackElo "1897"]
[PlyCount "89"]
[EventDate "2020.02.20"]
[EventType "swiss"]
[EventRounds "6"]
[EventCountry "CAN"]

1. e4 c5 2. Nc3 Nc6 3. g3 g6 4. Bg2 Bg7 5. Nge2 e6 6. d3 Nge7 7. O-O O-O 8. f4
a6 9. Be3 d6 10. g4 f5 11. g5 Nd4 12. Ng3 Nb5 13. Nxb5 axb5 14. c3 Nc6 15. a3
b4 16. axb4 Rxa1 17. Qxa1 cxb4 18. exf5 exf5 19. Bd5+ Kh8 20. Bxc6 bxc6 21.
cxb4 Re8 22. Bf2 c5 23. bxc5 dxc5 24. Qa3 Bd4 25. h4 Bxf2+ 26. Rxf2 Qd4 27. Qc3
Re3 28. Qxd4+ cxd4 29. Kh2 Ba6 30. h5 Bxd3 31. h6 Kg8 32. Rd2 Kf7 33. b4 Ke6
34. Kg2 Kd5 35. Kf2 Kc4 36. b5 Kc5 37. b6 Kxb6 38. Nf1 Bxf1 39. Rxd4 Re4 40.
Rxe4 fxe4 41. f5 Bc4 42. fxg6 Bg8 43. Ke3 Kc6 44. Kxe4 Kd6 45. Kf5 1-0

[Event "Scarborough CC Winter op"]
[Site "Toronto CAN"]
[Date "2020.02.27"]
[Round "2.8"]
[White "Wu, Benjamin"]
[Black "Liu, Aaron"]
[Result "0-1"]
[WhiteElo "1865"]
[BlackElo "1775"]
[PlyCount "80"]
[EventDate "2020.02.20"]
[EventType "swiss"]
[EventRounds "6"]
[EventCountry "CAN"]

1. e4 e5 2. Nf3 Nc6 3. Bc4 Bc5 4. c3 Nf6 5. d4 exd4 6. cxd4 Bb4+ 7. Bd2 Bxd2+
8. Nbxd2 d5 9. exd5 Nxd5 10. O-O O-O 11. Re1 Nb6 12. Re4 Nxc4 13. Nxc4 Be6 14.
Nce5 Nb4 15. Qd2 Nd5 16. Ng5 Bf5 17. Ngxf7 Rxf7 18. Nxf7 Kxf7 19. Re5 Bg6 20.
f4 Kg8 21. f5 Bf7 22. Rae1 c6 23. Qe2 Qf6 24. a3 Rc8 25. Qe4 h6 26. Kh1 Qd6 27.
Qg4 Nf6 28. Qf4 Kf8 29. Rd1 c5 30. Qd2 cxd4 31. Rde1 d3 32. R5e3 Re8 33. Rxe8+
Bxe8 34. Re3 Bb5 35. Re6 Qc5 36. Rxf6+ gxf6 37. Qxh6+ Ke8 38. Qg6+ Kd7 39. h3
d2 40. Qf7+ Kc8 0-1

[Event "Scarborough CC Winter op"]
[Site "Toronto CAN"]
[Date "2020.03.05"]
[Round "3.1"]
[White "Mao, Fengxi"]
[Black "Gao, Raymond"]
[Result "1-0"]
[WhiteElo "2232"]
[BlackElo "2122"]
[PlyCount "109"]
[EventDate "2020.02.20"]
[EventType "swiss"]
[EventRounds "6"]
[EventCountry "CAN"]

1. e4 c5 2. Nf3 d6 3. Bb5+ Bd7 4. Bxd7+ Nxd7 5. O-O Ngf6 6. Re1 e6 7. b3 Be7 8.
Bb2 O-O 9. c4 e5 10. Nc3 Nb8 11. h3 Nc6 12. Nh2 a6 13. Ng4 Nxg4 14. hxg4 Bg5
15. d3 Rb8 16. g3 b5 17. Kg2 Re8 18. Rh1 Rb7 19. Rh5 Nd4 20. Bc1 Bxc1 21. Rxc1
f6 22. Qd2 Rf8 23. Rch1 g6 24. Rh6 Qa5 25. Qb2 bxc4 26. dxc4 Qd8 27. Qc1 a5 28.
R1h3 Qd7 29. g5 Qg4 30. Qd1 Qxd1 31. Nxd1 fxg5 32. Nc3 Rbf7 33. Nd1 a4 34. bxa4
Nf3 35. Rh1 Nd2 36. Re1 Nxc4 37. Re2 Ra8 38. Nc3 Nb6 39. Nb5 Rd7 40. Rd2 Rxa4
41. Rh1 Rxe4 42. Rb1 Rb4 43. Rdb2 Rxb2 44. Rxb2 Nc4 45. Rc2 Rb7 46. a4 d5 47.
Nc3 Rb2 48. Rxb2 Nxb2 49. a5 Nc4 50. a6 d4 51. Nd5 Kf7 52. a7 d3 53. a8=Q d2
54. Nc3 e4 55. Qd5+ 1-0

[Event "Scarborough CC Winter op"]
[Site "Toronto CAN"]
[Date "2020.03.05"]
[Round "3.2"]
[White "Southam, David"]
[Black "Zhu, Ricky"]
[Result "1-0"]
[WhiteElo "2108"]
[BlackElo "1730"]
[PlyCount "91"]
[EventDate "2020.02.20"]
[EventType "swiss"]
[EventRounds "6"]
[EventCountry "CAN"]

1. d4 Nf6 2. c4 g6 3. Nc3 Bg7 4. e4 d6 5. Nf3 O-O 6. Be2 e5 7. Be3 Nc6 8. d5
Ne7 9. Nd2 Nd7 10. Qc2 a6 11. O-O-O Nc5 12. b4 Nd7 13. c5 a5 14. cxd6 cxd6 15.
bxa5 Qxa5 16. Nc4 Qa6 17. Qb2 b5 18. Nd2 Rb8 19. a4 f5 20. f3 Nb6 21. axb5 Qb7
22. Kc2 Bd7 23. Ra1 Rfc8 24. Ra6 Nbxd5 25. exd5 Nxd5 26. Bc4 Bxb5 27. Qxb5 Qxb5
28. Nxb5 Rxb5 29. Kd3 e4+ 30. fxe4 fxe4+ 31. Nxe4 Kh8 32. Bxb5 Nb4+ 33. Ke2
Nxa6 34. Bxa6 Re8 35. Nf2 Bd4 36. Nd1 Be5 37. Kd3 Ra8 38. Bc4 Ra3+ 39. Ke4 Ra4
40. Kd5 Ra5+ 41. Ke6 Ra8 42. Bg5 Kg7 43. Rf1 Re8+ 44. Kd7 Rb8 45. Rf7+ Kh8 46.
g3 1-0

[Event "Scarborough CC Winter op"]
[Site "Toronto CAN"]
[Date "2020.03.05"]
[Round "3.3"]
[White "Lawless, David"]
[Black "Smolkin, Gabriel"]
[Result "1-0"]
[WhiteElo "2038"]
[BlackElo "1774"]
[PlyCount "69"]
[EventDate "2020.02.20"]
[EventType "swiss"]
[EventRounds "6"]
[EventCountry "CAN"]

1. e4 e5 2. Nf3 Nc6 3. Bb5 Nf6 4. d3 Bc5 5. c3 O-O 6. O-O Re8 7. Nbd2 d5 8. h3
a6 9. Ba4 b5 10. Bb3 Bb7 11. Re1 dxe4 12. dxe4 Na5 13. Bc2 Ba7 14. b4 Nc6 15.
a4 Nh5 16. Qe2 Nf4 17. Qf1 Qf6 18. g3 Nh5 19. Kh2 Rad8 20. axb5 axb5 21. Qe2
Re6 22. Nf1 Qg6 23. Ne3 Rf6 24. Nf5 Re8 25. N3h4 Rxf5 26. exf5 Qd6 27. Rd1 Nd4
28. cxd4 Qc6 29. Rxa7 exd4 30. Qxe8+ Qxe8 31. Rxb7 g5 32. fxg6 Qe2 33. gxh7+
Kg7 34. Nf5+ Kf6 35. h8=Q+ 1-0

[Event "Scarborough CC Winter op"]
[Site "Toronto CAN"]
[Date "2020.03.05"]
[Round "3.4"]
[White "Liu, Aaron"]
[Black "Hay, Jonathan"]
[Result "0-1"]
[WhiteElo "1775"]
[BlackElo "2027"]
[PlyCount "48"]
[EventDate "2020.02.20"]
[EventType "swiss"]
[EventRounds "6"]
[EventCountry "CAN"]

1. e4 c6 2. d4 d5 3. Nc3 dxe4 4. Nxe4 Bf5 5. Ng3 Bg6 6. N1e2 e6 7. Nf4 Bd6 8.
h4 Qc7 9. Nxg6 hxg6 10. Ne4 Be7 11. Ng5 Nd7 12. Bd3 Nh6 13. Qf3 Bf6 14. c3
O-O-O 15. b4 c5 16. O-O cxd4 17. c4 Ne5 18. Qd1 Nf5 19. g3 Ne3 20. fxe3 dxe3
21. Rb1 Bxg5 22. hxg5 Qd7 23. Qe2 Qxd3 24. Qxd3 Rxd3 0-1

[Event "Scarborough CC Winter op"]
[Site "Toronto CAN"]
[Date "2020.03.05"]
[Round "3.5"]
[White "Vinuya, Reign Joshua"]
[Black "Mendoza, Armand Jess"]
[Result "1-0"]
[WhiteElo "1818"]
[BlackElo "2026"]
[PlyCount "65"]
[EventDate "2020.02.20"]
[EventType "swiss"]
[EventRounds "6"]
[EventCountry "CAN"]

1. d4 d5 2. c4 e6 3. Nc3 Nf6 4. Nf3 a6 5. e3 Bb4 6. Qa4+ Nc6 7. Ne5 Bxc3+ 8.
bxc3 Bd7 9. Nxd7 Qxd7 10. Ba3 Ne7 11. Qxd7+ Kxd7 12. cxd5 exd5 13. Bd3 Ne4 14.
c4 c6 15. f3 Nf6 16. Kd2 Rhe8 17. e4 b5 18. cxd5 cxd5 19. e5 Nh5 20. g3 g6 21.
Rac1 Nc6 22. Rc5 Ng7 23. Rxd5+ Kc7 24. Rc1 Ne6 25. Rd6 Nexd4 26. Rxd4 Rad8 27.
Rd6 Rxd6 28. exd6+ Kd7 29. Be4 Ne5 30. Rc7+ Kd8 31. Bd5 a5 32. Bb2 f5 33. f4
1-0

[Event "Scarborough CC Winter op"]
[Site "Toronto CAN"]
[Date "2020.03.05"]
[Round "3.6"]
[White "Vinuya, Ruth Joy"]
[Black "Yang, Larry"]
[Result "0-1"]
[WhiteElo "2052"]
[BlackElo "1701"]
[PlyCount "76"]
[EventDate "2020.02.20"]
[EventType "swiss"]
[EventRounds "6"]
[EventCountry "CAN"]

1. c4 d6 2. d4 Nf6 3. Nc3 g6 4. e4 Bg7 5. Be2 O-O 6. Nf3 Nbd7 7. h3 e5 8. d5
Nc5 9. Qc2 a5 10. Be3 Na6 11. O-O Ne8 12. Nd2 f5 13. f3 f4 14. Bf2 g5 15. a3 h5
16. Rfb1 Rf6 17. Qd1 Rg6 18. Nf1 g4 19. hxg4 hxg4 20. fxg4 Nf6 21. Nh2 Nxg4 22.
Nxg4 Qg5 23. b4 b6 24. bxa5 bxa5 25. Rb5 Nb8 26. Rab1 Na6 27. Rxa5 Bxg4 28.
Bxg4 Qxg4 29. Qxg4 Rxg4 30. Rb4 Kf7 31. Rba4 Bf6 32. Rxa6 Rag8 33. Rc6 Rxg2+
34. Kf1 f3 35. Rxc7+ Kg6 36. Nd1 Rh8 37. Ke1 Bg5 38. Ne3 Bxe3 0-1

[Event "Scarborough CC Winter op"]
[Site "Toronto CAN"]
[Date "2020.03.05"]
[Round "3.7"]
[White "Gao, Lucy"]
[Black "Li, Adam"]
[Result "1/2-1/2"]
[WhiteElo "1848"]
[BlackElo "1750"]
[PlyCount "100"]
[EventDate "2020.02.20"]
[EventType "swiss"]
[EventRounds "6"]
[EventCountry "CAN"]

1. e4 c5 2. Nf3 Nc6 3. Bb5 Nf6 4. Qe2 g6 5. c3 Bg7 6. d4 cxd4 7. cxd4 O-O 8.
Nc3 a6 9. Bxc6 dxc6 10. h3 Be6 11. O-O Qd7 12. Rd1 Rfd8 13. Be3 Rac8 14. Na4
Qe8 15. Nb6 Nxe4 16. Nxc8 Rxc8 17. Bf4 Bd5 18. Ne5 Nd6 19. b3 Qd8 20. Rac1 Qb6
21. Nd7 Qd8 22. Nc5 Qc7 23. Re1 Bf6 24. Be5 Bxe5 25. Qxe5 Nf5 26. Qxc7 Rxc7 27.
Red1 e6 28. f3 Ne3 29. Rd3 Nf5 30. Ne4 Kg7 31. g4 Nh4 32. Kf2 h6 33. Nc3 Rd7
34. Ne4 g5 35. Nc5 Rc7 36. a4 Ng6 37. Kg3 Nf4 38. Re3 Ng6 39. b4 Re7 40. a5 Rc7
41. Nd3 f6 42. f4 Nh4 43. fxg5 hxg5 44. Nc5 Re7 45. Rce1 Kf7 46. Rf1 Kg7 47.
Rfe1 Kf7 48. R3e2 Ng6 49. Rf2 Kg7 50. Ref1 Rf7 1/2-1/2

[Event "Scarborough CC Winter op"]
[Site "Toronto CAN"]
[Date "2020.03.05"]
[Round "3.8"]
[White "Huang, Richard"]
[Black "Wu, Benjamin"]
[Result "1-0"]
[WhiteElo "1890"]
[BlackElo "1865"]
[PlyCount "109"]
[EventDate "2020.02.20"]
[EventType "swiss"]
[EventRounds "6"]
[EventCountry "CAN"]

1. c4 c6 2. d4 d5 3. e3 Nf6 4. Nf3 Bg4 5. Nc3 e6 6. Be2 dxc4 7. Bxc4 Bd6 8. O-O
O-O 9. a4 c5 10. Nb5 Nc6 11. b3 cxd4 12. Nxd6 Qxd6 13. Ba3 Nb4 14. Qxd4 Qxd4
15. Nxd4 a5 16. Bxb4 axb4 17. Nc2 Nd5 18. Bxd5 exd5 19. Nxb4 Be6 20. Nc2 Rfc8
21. Nd4 Kf8 22. f3 Rc5 23. Kf2 Ke7 24. Rac1 Rac8 25. Rxc5 Rxc5 26. Ke2 Bd7 27.
Kd2 Rc8 28. Rc1 Kd6 29. Rxc8 Bxc8 30. Kc3 Kc5 31. b4+ Kb6 32. Nb3 Kc6 33. Kd4
Kd6 34. Nc1 Bd7 35. b5 b6 36. Nd3 Bc8 37. e4 dxe4 38. fxe4 Be6 39. Nb2 Bb3 40.
Kc3 Be6 41. Nd3 f6 42. Kb4 Ba2 43. a5 bxa5+ 44. Kxa5 Bb1 45. Nf2 Kc7 46. Ka6
Kb8 47. Kb6 Bc2 48. Kc6 Kc8 49. Kd6 Ba4 50. Ke7 Bxb5 51. Kf7 g6 52. Kxf6 Be8
53. e5 Kd8 54. e6 Kc8 55. Ke7 1-0

[Event "Scarborough CC Winter op"]
[Site "Toronto CAN"]
[Date "2020.03.05"]
[Round "3.9"]
[White "Xiao, Edward"]
[Black "Jeyakumar, Bhavatharshan"]
[Result "1/2-1/2"]
[WhiteElo "1897"]
[BlackElo "1824"]
[PlyCount "62"]
[EventDate "2020.02.20"]
[EventType "swiss"]
[EventRounds "6"]
[EventCountry "CAN"]

1. d4 Nf6 2. c4 g6 3. Nc3 d5 4. cxd5 Nxd5 5. Bd2 Bg7 6. Nf3 O-O 7. e4 Nb6 8.
Be3 Bg4 9. Be2 N8d7 10. h3 Bxf3 11. Bxf3 e5 12. Be2 Qe7 13. Qd2 exd4 14. Bxd4
Ne5 15. Bxb6 axb6 16. Nd5 Qh4 17. Qf4 Qxf4 18. Nxf4 Nc6 19. Nd3 Nd4 20. Kd2
Rfd8 21. Rhc1 Bh6+ 22. f4 Bxf4+ 23. Nxf4 Nb3+ 24. Ke3 Nxc1 25. Rxc1 Rxa2 26.
Rxc7 Rxb2 27. Rxb7 Rb3+ 28. Kf2 Rd2 29. e5 Rbb2 30. Kf3 Rdc2 31. Ke3 Rb3+
1/2-1/2

[Event "Scarborough CC Winter op"]
[Site "Toronto CAN"]
[Date "2020.03.12"]
[Round "4.1"]
[White "Southam, David"]
[Black "Mao, Fengxi"]
[Result "1/2-1/2"]
[WhiteElo "2108"]
[BlackElo "2232"]
[PlyCount "58"]
[EventDate "2020.02.20"]
[EventType "swiss"]
[EventRounds "6"]
[EventCountry "CAN"]

1. d4 e6 2. c4 f5 3. g3 Nf6 4. Bg2 g6 5. Nc3 Bg7 6. e3 O-O 7. Nge2 d6 8. O-O e5
9. b3 c6 10. dxe5 dxe5 11. Ba3 Qxd1 12. Raxd1 Re8 13. e4 fxe4 14. Nxe4 Nxe4 15.
Bxe4 Bh3 16. Rfe1 Nd7 17. Bg2 Bf5 18. Nc3 Nf6 19. f3 Rad8 20. Bc5 b6 21. Be3
Bc2 22. Rc1 Bd3 23. Rcd1 Bc2 24. Rxd8 Rxd8 25. Re2 Bf5 26. Rd2 Rxd2 27. Bxd2
Bf8 28. Kf2 Bc5+ 29. Ke2 Bd4 1/2-1/2

[Event "Scarborough CC Winter op"]
[Site "Toronto CAN"]
[Date "2020.03.12"]
[Round "4.2"]
[White "Gao, Raymond"]
[Black "Lawless, David"]
[Result "0-1"]
[WhiteElo "2122"]
[BlackElo "2038"]
[PlyCount "88"]
[EventDate "2020.02.20"]
[EventType "swiss"]
[EventRounds "6"]
[EventCountry "CAN"]

1. e4 c5 2. Nf3 d6 3. d4 cxd4 4. Nxd4 Nf6 5. Nc3 a6 6. Nb3 e6 7. g4 Be7 8. a4
Qc7 9. Be3 Nc6 10. g5 Nd7 11. h4 Na5 12. Qe2 Nxb3 13. cxb3 Qa5 14. Bg2 Nc5 15.
Qc2 Qb4 16. Bxc5 Qxc5 17. O-O-O Bd7 18. f4 Rc8 19. Kb1 b5 20. Rc1 b4 21. Ne2
Qf2 22. Qd3 Rxc1+ 23. Rxc1 Qxg2 24. Rg1 Qf2 25. h5 O-O 26. f5 exf5 27. e5 d5
28. g6 Be6 29. h6 fxg6 30. Qxa6 Bf7 31. e6 Be8 32. hxg7 Kxg7 33. Qb7 Qh4 34. a5
Kg8 35. a6 Bc5 36. Rc1 Qe4+ 37. Ka2 Qe3 38. Qxd5 Qxe2 39. Rxc5 Qxa6+ 40. Ra5
Qc6 41. e7+ Rf7 42. Qd8 Qd7 43. Ra8 Rxe7 44. Qxd7 Rxd7 0-1

[Event "Scarborough CC Winter op"]
[Site "Toronto CAN"]
[Date "2020.03.12"]
[Round "4.3"]
[White "Vinuya, Reign Joshua"]
[Black "Gao, Lucy"]
[Result "0-1"]
[WhiteElo "1818"]
[BlackElo "1848"]
[PlyCount "83"]
[EventDate "2020.02.20"]
[EventType "swiss"]
[EventRounds "6"]
[EventCountry "CAN"]

1. d4 Nf6 2. c4 e6 3. Nf3 Bb4+ 4. Nc3 b6 5. Qb3 Bxc3+ 6. bxc3 Bb7 7. Ba3 d6 8.
e3 Nbd7 9. Rd1 Qe7 10. Be2 c5 11. O-O O-O 12. Ne1 Rab8 13. f3 d5 14. Nc2 Rfc8
15. cxd5 exd5 16. Rfe1 Qe8 17. Bf1 Bc6 18. Ba6 Bb7 19. Bf1 Bc6 20. Ba6 Bb7 21.
Bf1 a6 22. c4 dxc4 23. Bxc4 b5 24. Bf1 Bd5 25. Qb1 Qe6 26. e4 Bxa2 27. d5 Bxb1
28. dxe6 Bxc2 29. exd7 Rd8 30. Rd6 Rxd7 31. e5 Rxd6 32. exd6 Nd7 33. Rc1 Bf5
34. Bxc5 Rc8 35. Be3 Rxc1 36. Bxc1 Nb6 37. Ba3 Bd7 38. Kf2 a5 39. Ke3 b4 40.
Bc1 a4 41. Kd4 a3 42. Bc4 0-1